| 000 | 00603cam a2200193 a 4500 | ||
|---|---|---|---|
| 001 | 000008839 | ||
| 005 | 20200929161424.0 | ||
| 008 | 720809s1966 mx 000 1 spa | ||
| 040 |
_aDO-SdBNP _bspa _dBNPHU |
||
| 082 |
_aM863.44 _bG216c |
||
| 100 | 1 |
_aGarcía Ponce, Juan. _d1932-2003 _923395 |
|
| 245 | 1 | 3 |
_aLa casa en la playa / _cJuan García Ponce. |
| 260 |
_aMéxico, D. F. : _bJoaquín Mortiz, _c1966. |
||
| 300 |
_a284 p. ; _c20 cm. |
||
| 490 | 1 | _aNovelistas Contemporáneos | |
| 650 | 4 |
_aNovela mexicana _93959 |
|
| 650 | 4 |
_aLiteratura mexicana _91922 |
|
| 830 | 0 |
_aNovelistas Contemporáneos _911918 |
|
| 999 |
_c8608 _d8608 |
||